000 00385nam a2200145Ia 4500
008 100415s9999 xx 000 0 und d
082 _b970
_a574(54)
100 _aStonor Charles
245 _aThe Sherpa and the Snowman
260 _aLONDON
_c1955
_bHOLLIS & CARTER
365 _b0
630 _aThe Sherpa and the Snowman
730 _aThe Sherpa and the Snowman
942 _cBOOK
999 _c584030
_d584027